| 000 | 02090cam a22005054i 4500 | ||
|---|---|---|---|
| 003 | PE-LiUPU | ||
| 005 | 20250731184513.0 | ||
| 008 | 161209s r 000 0 spa d | ||
| 020 | _a9786124146152 | ||
| 035 | _a(Sirsi) a165616 | ||
| 040 | _aPE-LiUPU | ||
| 049 | _aPRUA | ||
| 082 | 0 | 4 |
_a985.0185373 _bH31 |
| 100 | 1 |
_aHeaney, Christopher, _eautor. |
|
| 040 | _aPE-LiUPU | ||
| 245 | 1 | 4 |
_aLas tumbas de Machu Picchu / _cChristopher Heaney. |
| 264 |
_aLima : _bFondo Editorial, Pontificia Universidad Católica del Perú, _c2012. |
||
| 300 |
_a335 páginas : _bilustraciones; _c24 centímetros. |
||
| 336 |
_text _2rdacontent |
||
| 337 |
_unmediated _2rdamedia |
||
| 338 |
_volume _2rdacarrier |
||
| 504 | _aBibliografía : páginas 323-335. | ||
| 505 | 0 | _aEl explorador -- El templo negro -- La torre de marfil -- La brújula -- Hacia los andes -- Cusco, el ombligo del mundo -- Choqquequirau, La cuna de oro -- Manco inca -- Los mejores planes -- La quebrada del muerto -- Los descubridores de Machu Picchu -- El templo blanco -- La pampa de los espíritus -- Titu cusi -- El acuerdo -- El cementerio de los incas -- El debate -- El tesoro -- Túpac Amaru -- Entre los polos -- Tentación -- El caminos a la ruina -- El juicio de Hiram Bingham -- Aerotransportado -- Retornos. | |
| 526 | _aP136 | ||
| 526 | _aP135 | ||
| 526 | _aP134 | ||
| 526 | _aP133 | ||
| 526 | _aP144 | ||
| 526 | _aP143 | ||
| 526 | _aP87 | ||
| 526 | _aP35 | ||
| 526 | _aP20 | ||
| 526 | _aP14 | ||
| 526 | _aP10 | ||
| 526 | _aP06 | ||
| 541 | _g003-0047643; | ||
| 650 | 1 | 4 |
_aMachu Picchu (Perú) _xRestos arqueológicos. |
| 650 | 1 | 4 |
_aMachu Picchu (Perú) _xHistoria. |
| 650 | 2 | 4 |
_aPerú _xHistoria _ySiglo XX-XXI. |
| 650 | 2 | 4 | _aIncas. |
| 650 | _aArquitectura Inca. | ||
| 596 | _a1 | ||
| 942 |
_2ddc _cBOOK |
||
| 999 |
_a985.0185373 H31 _wDEWEY _c14393 _i74903 _f2021-11-8 _g7 _lCCODEBUL1 _mBUL _p10.52 _r0 _sY _tBOOK _u2016-12-9 _xBIBLIOTECA _PP06 _0COMPRA _o.STAFF. Colección FIA _d14393 |
||
| 980 |
_81 _gALBERTO SANCHEZ Responsable de Automatización |
||